000 00608nam a22002537a 4500
003 UA-OsUOA
001 24566
007 ta
008 20040220b un ||||| |||| 00| 0 ukr d
100 _aСелищев А.С.
090 _a330.101.54(075.8)
_bС29
942 _cBK
040 _aUA-OsUOA
_brus
_cUA-OsUOA
_dUA-OsUOA
245 _aМакроэкономика
300 _a448 с.
955 _a0
041 _arus
080 _a330.101.54(075.8)
020 _a5-318-00234-X
260 _aСанкт-Петербург
_bПитер
_c2001
044 _aRU
650 7 _2UDC
999 _c310844
_d310844